NBA Players of the Week/Month 2022-2023 - Statistics

General Stats
  • This quiz has been taken 237 times
    179 since last reset
  • The average score is 14 of 20
Answer Stats
Hint Answer % Correct
76ers Joel Embiid
94%
Lakers LeBron James
93%
Celtics Jayson Tatum
92%
Bucks Giannis Antetokounmpo
90%
Mavericks Luka Doncic
90%
Nuggets Nikola Jokic
89%
Warriors Stephen Curry
88%
Lakers Anthony Davis
84%
Nets Kevin Durant
83%
Suns Devin Booker
76%
Traiblazers Damian Lillard
73%
Cavaliers Donovan Mitchell
70%
Thunder Shai Gilgeous Alexander
69%
Kings De'Aaron Fox
63%
Pacers Tyrese Haliburton
62%
Clippers Paul George
61%
Pelicans Zion Williamson
50%
Raptors Pascal Siakam
48%
Wizards Kristaps Porzingis
26%
Suns Deandre Ayton
22%
No matching quizzes found
Score Distribution
Percent of People with Each Score
Percentile by Number Answered
Your Score History
You have not taken this quiz since the last reset